LEADER 03434nam 22006735 450 001 9910497092703321 005 20211006043119.0 010 $a3-030-77234-9 024 7 $a10.1007/978-3-030-77234-5 035 $a(CKB)4100000011995129 035 $a(DE-He213)978-3-030-77234-5 035 $a(MiAaPQ)EBC6690307 035 $a(Au-PeEL)EBL6690307 035 $a(EXLCZ)994100000011995129 100 $a20210804d2022 u| 0 101 0 $aeng 135 $aurnn|008mamaa 181 $ctxt$2rdacontent 182 $cc$2rdamedia 183 $acr$2rdacarrier 200 10$aAdvances in Transportation Geotechnics IV$b[electronic resource] $eProceedings of the 4th International Conference on Transportation Geotechnics Volume 2 /$fedited by Erol Tutumluer, Soheil Nazarian, Imad Al-Qadi, Issam I.A. Qamhia 205 $a1st ed. 2022. 210 1$aCham :$cSpringer International Publishing :$cImprint: Springer,$d2022. 215 $a1 online resource (XIV, 976 p. 616 illus., 484 illus. in color.) 225 1 $aLecture Notes in Civil Engineering,$x2366-2557 ;$v165 311 $a3-030-77233-0 330 $aThis volume presents selected papers presented during the 4th International Conference on Transportation Geotechnics (ICTG). The papers address the geotechnical challenges in design, construction, maintenance, monitoring, and upgrading of roads, railways, airfields, and harbor facilities and other ground transportation infrastructure with the goal of providing safe, economic, environmental, reliable and sustainable infrastructures. This volume will be of interest to postgraduate students, academics, researchers, and consultants working in the field of civil and transport infrastructure. . 410 0$aLecture Notes in Civil Engineering,$x2366-2557 ;$v165 606 $aEngineering geology 606 $aEngineering?Geology 606 $aFoundations 606 $aHydraulics 606 $aGeotechnical engineering 606 $aTransportation engineering 606 $aTraffic engineering 606 $aGeoengineering, Foundations, Hydraulics$3https://scigraph.springernature.com/ontologies/product-market-codes/T23020 606 $aGeotechnical Engineering & Applied Earth Sciences$3https://scigraph.springernature.com/ontologies/product-market-codes/G37010 606 $aTransportation Technology and Traffic Engineering$3https://scigraph.springernature.com/ontologies/product-market-codes/T23120 608 $aElectronic books. 615 0$aEngineering geology. 615 0$aEngineering?Geology. 615 0$aFoundations. 615 0$aHydraulics. 615 0$aGeotechnical engineering. 615 0$aTransportation engineering. 615 0$aTraffic engineering. 615 14$aGeoengineering, Foundations, Hydraulics. 615 24$aGeotechnical Engineering & Applied Earth Sciences. 615 24$aTransportation Technology and Traffic Engineering. 676 $a624.15 702 $aTutumluer$b Erol$4edt$4http://id.loc.gov/vocabulary/relators/edt 702 $aNazarian$b Soheil$4edt$4http://id.loc.gov/vocabulary/relators/edt 702 $aAl-Qadi$b Imad$4edt$4http://id.loc.gov/vocabulary/relators/edt 702 $aQamhia$b Issam I.A$4edt$4http://id.loc.gov/vocabulary/relators/edt 801 0$bMiAaPQ 906 $aBOOK 912 $a9910497092703321 996 $aAdvances in Transportation Geotechnics IV$92055830 997 $aUNINA LEADER 01957nam 2200457z- 450 001 9910508306803321 005 20211112 010 $a1000132408 035 $a(CKB)5590000000630142 035 $a(oapen)https://directory.doabooks.org/handle/20.500.12854/72759 035 $a(oapen)doab72759 035 $a(EXLCZ)995590000000630142 100 $a20202111d2021 |y 0 101 0 $ager 135 $aurmn|---annan 181 $ctxt$2rdacontent 182 $cc$2rdamedia 183 $acr$2rdacarrier 200 00$aVerfahren zur Beurteilung der Schadensumfangs- und Zustandsentwicklung vorgespannter Bru?ckenbauwerke 210 $aKarlsruhe$cKIT Scientific Publishing$d2021 215 $a1 online resource (268 p.) 225 1 $aKarlsruher Reihe Massivbau, Baustofftechnologie, Materialprüfung 311 08$a3-7315-1103-7 330 $aThe knowledge of damage processes and their influence on the development of the system´s response is of great significance for the maintenance of infrastructure constructions. By means of computer aided recalculations, the effects of corrosive, fatigue relevant and interacting effects on structures can be estimated and remaining service lifes can be predicted through comparison of simulated system responses with normatively determined limit states. 606 $aCivil engineering, surveying & building$2bicssc 610 $abridge construction 610 $aBru?ckenbau 610 $acorrosion 610 $aErmu?dung 610 $afatigue 610 $aKorrosion 610 $anumerical simulation 610 $anumerische Simulation 610 $aprestressing 610 $aVorspannung 615 7$aCivil engineering, surveying & building 700 $aKirpal$b Eric$4auth$01301503 906 $aBOOK 912 $a9910508306803321 996 $aVerfahren zur Beurteilung der Schadensumfangs- und Zustandsentwicklung vorgespannter Brückenbauwerke$93025927 997 $aUNINA LEADER 04764nam 22007935 450 001 9910261119103321 005 20251101110032.0 024 7 $a10.1524/9783486594416 035 $a(CKB)3230000000000476 035 $a(EBL)1346290 035 $a(SSID)ssj0001279667 035 $a(PQKBManifestationID)11836800 035 $a(PQKBTitleCode)TC0001279667 035 $a(PQKBWorkID)11297408 035 $a(PQKB)10477888 035 $a(MiAaPQ)EBC1346290 035 $a(DE-B1597)233575 035 $a(OCoLC)979738236 035 $a(DE-B1597)9783486594416 035 $a(oapen)https://directory.doabooks.org/handle/20.500.12854/52536 035 $a(Perlego)1151018 035 $a(oapen)doab52536 035 $a(ODN)ODN0002483244 035 $a(EXLCZ)993230000000000476 100 $a20191126d2009 fg 101 0 $ager 135 $aur|n|---||||| 181 $ctxt 182 $cc 183 $acr 200 11$a"Madagaskar für die Juden" $eAntisemitische Idee und politische Praxis 1885-1945 /$fMagnus Brechtken 205 $aReprint 2015 210 $cDe Gruyter$d1998 210 1$aBerlin ;$aBoston :$cOldenbourg Wissenschaftsverlag,$d[2009] 210 4$d©1998 215 $a1 online resource (344 p.) 225 1 $aStudien zur Zeitgeschichte ;$v53 300 $aDescription based upon print version of record. 311 08$a9783486563849 311 08$a348656384X 311 08$a9783486594416 311 08$a3486594419 320 $aIncludes bibliographical references and index. 327 $tFrontmatter --$tInhalt --$tVorwort --$tI. Einleitung --$tII. "Absonderung" und "Exterritorialisierung" bei den "Klassikern" des Antisemitismus --$tIII. "Voll-Zionismus": Madagaskar und die "Internationale des Antisemitismus" --$tIV. Madagaskar und die Judenfrage in Polen --$tV. Der Madagaskar-Gedanke und die Judenpolitik des "Dritten Reiches" --$tVI. Eine europäische Dimension der "Endlösung" --$tVII. Schlußbetrachtung. "Madagaskar für die Juden" - Vom Mythos einer "territorialen ,End'-Lösung der Judenfrage" --$tIllustrationen --$tQuellen und Literatur --$tAbkürzungen --$tPersonenregister 330 $aDie traditionelle Judenfeindschaft wandelte sich in der zweiten Hälfte des 19. Jahrhunderts zu einem rassistisch geprägten Antisemitismus. Seine Propagandisten fühlten sich zur "Lösung der Judenfrage" berufen. 1885 wurde die Idee geboren, Madagaskar zur Heimstätte aller Juden der Welt zu machen. So grotesk diese Vorstellung einer "territorialen Endlösung" anmutet, sie fand Anhänger in vielen europäischen Ländern. Eine "Internationale des Antisemitismus" propagierte Ideen dieser Art bis in die Jahre des "Dritten Reiches". In dieser Zeit erhielt der Madagaskar-Gedanke eine neue Variante: Polen hoffte, im deutschen Windschatten zur Großmacht aufzusteigen und auch seine "Judenfrage" lösen zu können; die polnische Regierung bemühte sich, Madagaskar als Auswanderungsgebiet für ihre jüdische Bevölkerung und als polnische Kolonie von Frankreich zu erhalten. Nach dem Sieg über Frankreich plante Hitlers Regime, die Insel in ein jüdisches Groß-Ghetto unter SS-Aufsicht zu verwandeln. Es charakterisiert die unterschwelligen Intentionen und die Realitätsferne des deutschen Madagaskar-Plans, wenn dieser nicht mehr blieb als ein kurzlebiges Projekt auf dem Weg in den Holocaust. Der Autor schildert umfassend die Geschichte dieser antisemitischen Wahnidee und geht den konkreten Plänen zu einer Judenunterbringung auf Madagaskar in ihrer internationalen Verflechtung nach. Neben deutschen Quellen werden dabei erstmals die umfangreichen Bestände britischer, französischer und polnischer Archive wie auch die internationale Publizistik berücksichtigt. 410 0$aStudien zur Zeitgeschichte (Institut fu?r Zeitgeschichte (Munich, Germany)) ;$vBand 53. 606 $aJews$zGermany$xHistory$y1933-1945 606 $aAntisemitism$zGermany 606 $aJews$zGermany$xMigrations 606 $aJews$xRelocation$zMadagascar 606 $aJews$xGovernment policy$zPoland 606 $aHolocaust, Jewish (1939-1945)$xCauses 607 $aGermany$xPolitics and government$y1933-1945 607 $aPoland$xPolitics and government$y1918-1945 615 0$aJews$xHistory 615 0$aAntisemitism 615 0$aJews$xMigrations. 615 0$aJews$xRelocation 615 0$aJews$xGovernment policy 615 0$aHolocaust, Jewish (1939-1945)$xCauses. 676 $a943.004924 686 $aNQ 2360$2rvk 700 $aBrechtken$b Magnus$4aut$4http://id.loc.gov/vocabulary/relators/aut$0314278 801 0$bDE-B1597 801 1$bDE-B1597 906 $aBOOK 912 $a9910261119103321 996 $aMadagaskar fur die Juden$9810342 997 $aUNINA